000 00223nam a22001097a 4500
040 _cSK
082 _a658
100 _aសុក គន្ធី
245 _aProject management
260 _aNA
_bសុក
_cNA
942 _cEK
999 _c9935
_d9935